[Event "World op 38th"]
[Site "Philadelphia"]
[Date "2010.07.05"]
[Round "9"]
[White "Reichstein, Boris"]
[Black "Gulamali, Kazim"]
[Result "0-1"]
[WhiteElo "2133"]
[BlackElo "2357"]
[PlyCount "104"]
[EventDate "2010.06.29"]
[EventType "swiss"]
[EventRounds "9"]
[EventCountry "USA"]
[SourceTitle "CBM 137 Extra"]
[Source "ChessBase"]
[SourceDate "2010.09.01"]
[SourceVersion "1"]
[SourceVersionDate "2010.09.01"]
[SourceQuality "1"]

1. e4 c5 2. Nf3 d6 3. d4 cxd4 4. Nxd4 Nf6 5. f3 e5 6. Bb5+ Nbd7 7. Nb3 a6 8. Be2 b5 9. 0-0 Qb6+ 10. Kh1 Bb7 11. a4 Be7 12. axb5 axb5 13. Rxa8+ Bxa8 14. Na3 b4 15. Nc4 Qb8 16. Ne3 g6 17. Bd2 0-0 18. c4 bxc3 19. Bxc3 Nb6 20. Nc4 Na4 21. Be1 d5 22. exd5 Bxd5 23. Nba5 Nxb2 24. Qa1 Nxc4 25. Nxc4 Nd7 26. Bc3 f6 27. Rd1 Be6 28. Ne3 Qb7 29. Rb1 Qa8 30. Rd1 Nb6 31. Qxa8 Rxa8 32. Ra1 Rxa1+ 33. Bxa1 Bc5 34. Nf1 Kf7 35. g3 Bc4 36. Bxc4+ Nxc4 37. Bc3 Ke6 38. Kg2 Kd5 39. g4 Ne3+ 40. Nxe3+ Bxe3 41. Ba5 Kc4 42. Bd8 f5 43. gxf5 gxf5 44. Bc7 Bf4 45. h3 Kd3 46. Kf2 h5 47. h4 Be3+ 48. Kg2 Bd4 49. Bd8 Ke2 50. Bf6 Bc3 51. Bg7 e4 52. fxe4 f4 0-1

[Event "World op 36th"]
[Site "Philadelphia"]
[Date "2008.07.04"]
[Round "4"]
[White "Reichstein, Boris"]
[Black "Swati, Ghate"]
[Result "0-1"]
[WhiteElo "2165"]
[BlackElo "2351"]
[PlyCount "90"]
[EventDate "2008.07.02"]
[EventType "swiss"]
[EventRounds "9"]
[EventCountry "USA"]
[SourceTitle "CBM 125 Extra"]
[Source "ChessBase"]
[SourceDate "2008.09.01"]
[SourceVersion "1"]
[SourceVersionDate "2008.09.01"]
[SourceQuality "1"]

1. e4 c5 2. Nf3 e6 3. d4 cxd4 4. Nxd4 Nf6 5. Bd3 Nc6 6. Nxc6 dxc6 7. 0-0 e5 8. Nd2 Bc5 9. Nc4 Qe7 10. Be3 Be6 11. Bxc5 Qxc5 12. Qe2 Nd7 13. a3 a5 14. b4 Qe7 15. Nxa5 Nf6 16. Nc4 Bxc4 17. Bxc4 0-0 18. Rfd1 g6 19. g3 h5 20. f3 Kg7 21. Qd3 b5 22. Bb3 h4 23. Qd6 Qa7+ 24. Qc5 Qxc5+ 25. bxc5 hxg3 26. hxg3 Ra7 27. Rd6 Rc8 28. c3 Nd7 29. Kf2 Nxc5 30. Bc2 Kf8 31. f4 Ke7 32. fxe5 Nd7 33. Rd2 Nxe5 34. Bd1 Rca8 35. Rda2 Rd7 36. Be2 Ra4 37. Ke3 Kf6 38. Rf1+ Kg5 39. Rc1 Nc4+ 40. Bxc4 Rxc4 41. Rf2 Ra4 42. Ra1 Re7 43. Rf4 f5 44. Kf3 Rexe4 45. Rxe4 Rxe4 0-1

[Event "Washington Eastern op"]
[Site "Washington DC"]
[Date "2000.12.29"]
[Round "5"]
[White "Kriventsov, Stanislav G"]
[Black "Reichstein, Boris"]
[Result "1/2-1/2"]
[WhiteElo "2323"]
[BlackElo "2239"]
[PlyCount "43"]
[EventDate "2000.12.27"]
[EventType "swiss"]
[EventRounds "8"]
[EventCountry "USA"]
[SourceTitle "EXT 2002"]
[Source "ChessBase"]
[SourceDate "2001.11.25"]
[SourceVersion "1"]
[SourceVersionDate "2001.11.25"]
[SourceQuality "1"]

1. e4 c5 2. Nf3 Nc6 3. d4 cxd4 4. Nxd4 Nf6 5. Nc3 e5 6. Ndb5 d6 7. Bg5 a6 8. Na3 b5 9. Nd5 Be7 10. Bxf6 Bxf6 11. c3 0-0 12. Nc2 Be6 13. Nxf6+ Qxf6 14. Qxd6 Rac8 15. Qd2 Rfd8 16. Qe3 Qg6 17. h4 h5 18. Bd3 Na5 19. 0-0 Nc4 20. Bxc4 Bxc4 21. Rfd1 Qg4 22. Rxd8+ 1/2-1/2

[Event "Mt Vernon op"]
[Site "Mt Vernon"]
[Date "2000.06.18"]
[Round "4"]
[White "Reichstein, Boris"]
[Black "Tate, Emory"]
[Result "1/2-1/2"]
[WhiteElo "2269"]
[BlackElo "2309"]
[PlyCount "45"]
[EventDate "2000.06.17"]
[EventType "swiss"]
[EventRounds "6"]
[EventCountry "USA"]
[SourceTitle "EXT 2001"]
[Source "ChessBase"]
[SourceDate "2000.11.22"]
[SourceVersion "1"]
[SourceVersionDate "2000.11.22"]
[SourceQuality "1"]

1. e4 c5 2. Nf3 e6 3. d4 cxd4 4. Nxd4 Nc6 5. Nxc6 bxc6 6. Bd3 d5 7. 0-0 Nf6 8. Nd2 Bd6 9. exd5 cxd5 10. Nf3 Qc7 11. Re1 Rb8 12. b3 0-0 13. Bb2 Bb7 14. h3 Ne4 15. Bxe4 dxe4 16. Ng5 Bh2+ 17. Kh1 Rbd8 18. Qe2 Be5 19. Bxe5 Qxe5 20. Nxe4 Qxe4 21. Qxe4 Bxe4 22. Rxe4 Rd2 23. Kg1 1/2-1/2

[Event "Northern Virginia op"]
[Site "Mt Vernon"]
[Date "1999.11.14"]
[Round "6"]
[White "Reichstein, Boris"]
[Black "Kaufman, Larry C"]
[Result "1/2-1/2"]
[WhiteElo "2257"]
[BlackElo "2427"]
[PlyCount "36"]
[EventDate "1999.11.13"]
[EventType "swiss"]
[EventRounds "6"]
[EventCountry "USA"]
[SourceTitle "EXT 2002"]
[Source "ChessBase"]
[SourceDate "2001.11.25"]
[SourceVersion "1"]
[SourceVersionDate "2001.11.25"]
[SourceQuality "1"]

1. e4 c5 2. Nf3 d6 3. d4 cxd4 4. Nxd4 Nf6 5. f3 e5 6. Nb3 Nc6 7. c4 a5 8. Be3 a4 9. Nc1 Be6 10. Nc3 a3 11. b3 Be7 12. Be2 0-0 13. 0-0 Nd7 14. Kh1 Nc5 15. Nd3 Nd4 16. Nb4 Bg5 17. Bg1 f5 18. Nc2 Nxe2 1/2-1/2

[Event "World op 27th"]
[Site "Philadelphia"]
[Date "1999.07.01"]
[Round "5"]
[White "Reichstein, Boris"]
[Black "Zaremba, Andrie"]
[Result "1-0"]
[WhiteElo "2253"]
[BlackElo "2266"]
[PlyCount "33"]
[EventDate "1999.06.27"]
[EventType "swiss"]
[EventRounds "9"]
[EventCountry "USA"]
[SourceTitle "EXT 2000"]
[Source "ChessBase"]
[SourceDate "1999.11.16"]
[SourceVersion "1"]
[SourceVersionDate "1999.11.16"]
[SourceQuality "1"]

1. e4 c5 2. Nf3 d6 3. d4 cxd4 4. Nxd4 Nf6 5. f3 e5 6. Nb3 d5 7. Bg5 Be6 8. Bxf6 gxf6 9. exd5 Bxd5 10. Nc3 Bb4 11. Qd3 Nc6 12. 0-0-0 Be6 13. Qe4 Qb6 14. Nd5 Bxd5 15. Rxd5 a6 16. Bc4 Rd8 17. Rhd1 1-0

[Event "Arlington CC-ch"]
[Site "Arlington"]
[Date "1999.05.23"]
[Round "4"]
[White "Meyer, Eugene B"]
[Black "Reichstein, Boris"]
[Result "1/2-1/2"]
[WhiteElo "2457"]
[BlackElo "2253"]
[PlyCount "118"]
[EventDate "1999.05.22"]
[EventType "swiss"]
[EventRounds "4"]
[EventCountry "USA"]
[SourceTitle "EXT 2001"]
[Source "ChessBase"]
[SourceDate "2000.11.22"]
[SourceVersion "1"]
[SourceVersionDate "2000.11.22"]
[SourceQuality "1"]

1. c4 Nf6 2. Nc3 e6 3. Nf3 d5 4. d4 c6 5. Bg5 Be7 6. e3 0-0 7. Qc2 Nbd7 8. cxd5 exd5 9. Bd3 Re8 10. 0-0 Ne4 11. Bf4 Ndf6 12. Ne5 Nxc3 13. bxc3 h6 14. Rab1 Bd6 15. Bg3 Ne4 16. Bxe4 dxe4 17. Qxe4 f6 18. Nxc6 bxc6 19. Qxc6 Bxg3 20. Qxa8 Bc7 21. c4 Qd6 22. g3 a6 23. Rfc1 Qe7 24. Qc6 Rd8 25. c5 h5 26. Rb7 Bxb7 27. Qxb7 h4 28. Qxa6 hxg3 29. hxg3 Bxg3 30. Qc4+ Kf8 31. d5 Qe5 32. d6 Qg5 33. Kf1 Qf5 34. Qe2 Be5 35. Qd1 Qh3+ 36. Ke1 Qh1+ 37. Ke2 Qh5+ 38. Kd2 Qh4 39. Qh1 Qxf2+ 40. Kd3 Qf5+ 41. Qe4 Qxe4+ 42. Kxe4 Bxd6 43. cxd6 Rxd6 44. a4 Ra6 45. Ra1 Ra5 46. Kd4 Ke7 47. Kc4 Ke6 48. Kb4 Ra8 49. a5 g5 50. a6 Ke5 51. Kc3 Ke4 52. Kd2 f5 53. Ra4+ Ke5 54. a7 f4 55. e4 g4 56. Ke2 Kd6 57. Ra5 Ke6 58. Kf2 Kd6 59. Kg2 Ke6 1/2-1/2

[Event "Northern Virginia op"]
[Site "Mt Vernon"]
[Date "1998.??.??"]
[Round "2"]
[White "Thomas, Michael Burgin"]
[Black "Reichstein, Boris"]
[Result "1-0"]
[WhiteElo "1800"]
[BlackElo "2270"]
[PlyCount "61"]
[EventDate "1998.11.??"]
[EventType "swiss"]
[EventRounds "6"]
[EventCountry "USA"]
[SourceTitle "EXT 2000"]
[Source "ChessBase"]
[SourceDate "1999.11.16"]
[SourceVersion "1"]
[SourceVersionDate "1999.11.16"]
[SourceQuality "1"]

1. e4 c5 2. c4 e6 3. Nc3 Nc6 4. g3 g6 5. Bg2 Bg7 6. Nge2 Nge7 7. d3 0-0 8. 0-0 a6 9. Be3 Nd4 10. Rb1 d6 11. Qd2 Re8 12. Bh6 Bh8 13. Nxd4 cxd4 14. Ne2 Rb8 15. Nf4 Bd7 16. h4 b5 17. b3 Qb6 18. h5 bxc4 19. bxc4 Qxb1 20. Rxb1 Rxb1+ 21. Kh2 Nc6 22. hxg6 hxg6 23. Nh5 Ne5 24. Qg5 f6 25. Qh4 gxh5 26. Qxh5 Re7 27. Bh3 Rh7 28. Bxe6+ Nf7 29. Qg6+ Rg7 30. Bxf7+ Kf8 31. Qxf6 1-0

[Event "World op 24th"]
[Site "Philadelphia"]
[Date "1996.??.??"]
[Round "?"]
[White "Reichstein, Boris"]
[Black "Ruiz, Mauricio"]
[Result "1-0"]
[WhiteElo "2265"]
[BlackElo "2195"]
[PlyCount "87"]
[EventDate "1996.06.29"]
[EventType "swiss"]
[EventRounds "9"]
[EventCountry "USA"]
[SourceTitle "EXT 2001"]
[Source "ChessBase"]
[SourceDate "2000.11.22"]
[SourceVersion "1"]
[SourceVersionDate "2000.11.22"]
[SourceQuality "1"]

1. e4 c5 2. Ne2 d6 3. c4 Nc6 4. d4 cxd4 5. Nxd4 g6 6. Nc3 Bg7 7. Be3 Nf6 8. Be2 0-0 9. 0-0 a6 10. Qd2 Nxd4 11. Bxd4 Qa5 12. Rfd1 Rd8 13. Bxf6 Bxf6 14. Nd5 Qxd2 15. Nxf6+ Kg7 16. Nh5+ gxh5 17. Rxd2 Be6 18. Rad1 Rac8 19. b3 Rc5 20. f4 Bg4 21. Bxg4 hxg4 22. e5 Rc6 23. Kf2 Kg6 24. Rd5 b6 25. Kg3 h5 26. Kh4 f5 27. exf6 exf6 28. Re1 Rc5 29. f5+ Kf7 30. Kxh5 Rh8+ 31. Kxg4 Rxh2 32. Rxc5 dxc5 33. Kg3 Rh5 34. Kf4 Rh4+ 35. Kf3 Rd4 36. Re6 Rd2 37. Rxb6 Rxa2 38. g4 Kg7 39. Rb7+ Kh6 40. Rf7 Rc2 41. Rxf6+ Kg5 42. Rg6+ Kh4 43. Rb6 Rc3+ 44. Kf4 1-0

[Event "World op 23rd"]
[Site "Philadelphia"]
[Date "1995.??.??"]
[Round "2"]
[White "Reichstein, Boris"]
[Black "Bonin, Jay R"]
[Result "0-1"]
[WhiteElo "2280"]
[BlackElo "2360"]
[PlyCount "39"]
[EventDate "1995.06.??"]
[EventType "swiss"]
[EventRounds "9"]
[EventCountry "USA"]
[SourceTitle "EXT 2000"]
[Source "ChessBase"]
[SourceDate "1999.11.16"]
[SourceVersion "1"]
[SourceVersionDate "1999.11.16"]
[SourceQuality "1"]

1. e4 c5 2. Nf3 Nc6 3. d4 cxd4 4. Nxd4 e5 5. Nb5 d6 6. c4 Be7 7. Be2 a6 8. N5c3 Bg5 9. Nd2 Nf6 10. Nf3 Bxc1 11. Rxc1 Bg4 12. Nd2 Be6 13. Nb3 0-0 14. 0-0 Rc8 15. f3 Na5 16. Nxa5 Qxa5 17. b3 b5 18. Qxd6 bxc4 19. b4 Qa3 20. Qxe5 0-1

[Event "World op 23rd"]
[Site "Philadelphia"]
[Date "1995.??.??"]
[Round "7"]
[White "Reichstein, Boris"]
[Black "Meeres, Mark"]
[Result "1-0"]
[WhiteElo "2280"]
[BlackElo "2290"]
[PlyCount "43"]
[EventDate "1995.06.??"]
[EventType "swiss"]
[EventRounds "9"]
[EventCountry "USA"]
[SourceTitle "EXT 2000"]
[Source "ChessBase"]
[SourceDate "1999.11.16"]
[SourceVersion "1"]
[SourceVersionDate "1999.11.16"]
[SourceQuality "1"]

1. e4 e5 2. Nf3 Nc6 3. Bb5 a6 4. Ba4 Nf6 5. Qe2 b5 6. Bb3 Bc5 7. c3 d6 8. d3 0-0 9. Bg5 h6 10. Bh4 Be6 11. Nbd2 g5 12. Nxg5 hxg5 13. Bxg5 Kg7 14. Qf3 a5 15. h4 a4 16. Bd5 Ra6 17. Bxc6 Rxc6 18. d4 exd4 19. e5 dxe5 20. Qxc6 Qd5 21. Bxf6+ Kxf6 22. Ne4+ 1-0

[Event "New York op"]
[Site "New York"]
[Date "1994.??.??"]
[Round "8"]
[White "Bisguier, Arthur Bernard"]
[Black "Reichstein, Boris"]
[Result "1/2-1/2"]
[WhiteElo "2370"]
[BlackElo "2265"]
[PlyCount "100"]
[EventDate "1994.03.30"]
[EventType "swiss"]
[EventRounds "9"]
[EventCountry "USA"]
[SourceTitle "CBM 040 Extra"]
[Source "ChessBase"]
[SourceDate "1994.07.01"]
[SourceVersion "1"]
[SourceVersionDate "1994.07.01"]
[SourceQuality "1"]

1. d4 Nf6 2. c4 e6 3. Nf3 b6 4. e3 Bb7 5. Bd3 Be7 6. 0-0 0-0 7. Nc3 d5 8. b3 Nbd7 9. Bb2 Ne4 10. Rc1 c5 11. cxd5 exd5 12. Qe2 Ndf6 13. dxc5 Nxc5 14. Rfd1 Nxd3 15. Qxd3 Rc8 16. Qd4 Bc5 17. Qa4 Qe7 18. Qh4 Rfd8 19. Nd4 Ne4 20. Qxe7 Bxe7 21. Nce2 Bf6 22. Rxc8 Rxc8 23. Rc1 Kf8 24. Ba3+ Kg8 25. Rxc8+ Bxc8 26. Nc6 a6 27. Be7 Bb7 28. Bxf6 Bxc6 29. Bd4 b5 30. f3 Ng5 31. Kf2 Kf8 32. b4 Ne6 33. Ke1 Ke7 34. Kd2 g6 35. g4 Ng5 36. Ng1 f5 37. h4 Ne6 38. Be5 fxg4 39. fxg4 h5 40. g5 Be8 41. Nf3 Kd8 42. Kd3 Kd7 43. Bd4 Kd6 44. Nd2 Bd7 45. Nb3 Bc8 46. Ke2 Bd7 47. Kf3 Bc6 48. Na5 Be8 49. Bf6 Bf7 50. e4 Be8 1/2-1/2

[Event "New York op"]
[Site "New York"]
[Date "1994.??.??"]
[Round "1"]
[White "Reichstein, Boris"]
[Black "Benjamin, Joel"]
[Result "1/2-1/2"]
[WhiteElo "2265"]
[BlackElo "2620"]
[PlyCount "61"]
[EventDate "1994.03.30"]
[EventType "swiss"]
[EventRounds "9"]
[EventCountry "USA"]
[SourceTitle "CBM 040 Extra"]
[Source "ChessBase"]
[SourceDate "1994.07.01"]
[SourceVersion "1"]
[SourceVersionDate "1994.07.01"]
[SourceQuality "1"]

1. e4 c5 2. Nf3 e6 3. c3 d5 4. exd5 exd5 5. d4 Nf6 6. Bb5+ Bd7 7. Qe2+ Be7 8. dxc5 0-0 9. 0-0 Bxc5 10. Bg5 a6 11. Bxd7 Nbxd7 12. Nbd2 Re8 13. Qd3 Ba7 14. Nb3 Qc7 15. Nbd4 Ne4 16. Be3 Ndc5 17. Qc2 Rad8 18. Ne2 b5 19. Rad1 Re6 20. Nf4 Red6 21. Nd4 Bb8 22. f3 Nf6 23. g3 g6 24. Qf2 Ncd7 25. Nd3 Qc8 26. Bf4 Rb6 27. Bxb8 Qxb8 28. Rfe1 Qd6 29. Re2 Rbb8 30. Rde1 Re8 31. Rxe8+ 1/2-1/2

[Event "New York op"]
[Site "New York"]
[Date "1994.??.??"]
[Round "9"]
[White "Reichstein, Boris"]
[Black "Fang, Joseph"]
[Result "1-0"]
[WhiteElo "2265"]
[BlackElo "2400"]
[PlyCount "109"]
[EventDate "1994.03.30"]
[EventType "swiss"]
[EventRounds "9"]
[EventCountry "USA"]
[SourceTitle "CBM 040 Extra"]
[Source "ChessBase"]
[SourceDate "1994.07.01"]
[SourceVersion "1"]
[SourceVersionDate "1994.07.01"]
[SourceQuality "1"]

1. e4 e5 2. Nf3 Nc6 3. Bb5 a6 4. Ba4 Nf6 5. Qe2 Be7 6. 0-0 b5 7. Bb3 0-0 8. c3 d5 9. d3 d4 10. a4 Be6 11. Bxe6 fxe6 12. Na3 Nd7 13. Bd2 Qb8 14. axb5 axb5 15. Nc2 Qb6 16. Ng5 Rxa1 17. Rxa1 Nd8 18. Nf3 c5 19. cxd4 exd4 20. e5 Nc6 21. Qe4 Qc7 22. Ra6 Nb6 23. Bg5 Rxf3 24. Bxe7 Rf5 25. Bd6 Qb7 26. g4 Rf7 27. Bxc5 Nd5 28. Ra1 Rf4 29. Qe2 h5 30. h3 hxg4 31. hxg4 Qf7 32. Ra8+ Kh7 33. f3 Qg6 34. Qh2+ Qh6 35. Qxh6+ Kxh6 36. Ra6 Nce7 37. Nxd4 Ng6 38. Rxe6 Kh7 39. Rd6 Nc7 40. e6 Ne5 41. Kf2 Rf6 42. Ke3 Rh6 43. Ke4 Ng6 44. Rd7 Ne8 45. g5 Rh1 46. Nf5 Re1+ 47. Be3 Re2 48. Rd8 Nc7 49. e7 b4 50. e8Q Nxe8 51. Rxe8 b3 52. Rb8 Rxb2 53. Rb7 Ra2 54. Rxb3 Ra5 55. f4 1-0

[Event "World op 20th"]
[Site "Philadelphia"]
[Date "1992.??.??"]
[Round "9"]
[White "Huber, Gregory"]
[Black "Reichstein, Boris"]
[Result "1/2-1/2"]
[WhiteElo "2320"]
[BlackElo "2285"]
[PlyCount "40"]
[EventDate "1992.06.??"]
[EventType "swiss"]
[EventRounds "9"]
[EventCountry "USA"]
[SourceTitle "TD"]
[Source "ChessBase"]
[SourceDate "1994.03.01"]
[SourceVersion "1"]
[SourceVersionDate "1994.03.01"]
[SourceQuality "1"]

1. e4 c5 2. Nc3 Nc6 3. Nge2 g6 4. g3 Bg7 5. Bg2 e6 6. d3 Nge7 7. Be3 Nd4 8. 0-0 0-0 9. Qd2 Rb8 10. Nc1 d6 11. Nd1 b5 12. c3 Ndc6 13. d4 cxd4 14. cxd4 d5 15. e5 Nf5 16. Ne2 Bd7 17. g4 Nxe3 18. Qxe3 Qh4 19. h3 f6 20. exf6 Qxf6 1/2-1/2